02547cam a22003498i 45000010009000000050017000090080041000260100017000670200018000840200018001020200018001200410008001380420008001460820016001541000019001702450072001892500008002612600030002692630009002992640069003083000020003773360026003973370028004233380027004515040051004785201385005296500045019146500024019597000021019837000022020047760171020262286946720250407114047.0221117s2023 enk b 001 0 eng  a 2022055482 a9781032075341 a9781032071534 z9781003207542 aeng apcc00a338.477 RIE1 aRieple, Alison10aTransformational Innovation In The Creative And Cultural Industries a1st aNew YorkbRoutledgec2023 a2305 1aMilton Park, Abingdon, Oxon ;aNew York, NY :bRoutledge,c2023. a215;. pages: 24 atextbtxt2rdacontent aunmediatedbn2rdamedia avolumebnc2rdacarrier aIncludes bibliographical references and index. a"There has been increasing scholarly interest in the management of creative and cultural industries (CCIs) as both economically and socially significant sectors. However, Transformational Innovation in the Creative and Cultural Industries uniquely focuses on how innovation in these industries transforms industry practice. This textbook uncovers the strategic role of innovation for organizations in the creative and cultural sector, with practical guidance to help understand the seismic disruptions brought about by the recent global health crisis. The authors examine how innovation in business models, products, services, and technology has disrupted the competitive landscapes of the arts world. Innovations are characterized as deriving from other industries as well as via exogenous shocks that privilege some companies over others. Case studies bring to life how innovation is used strategically in different ways around varying competitive forces now. This book provides readers with both the conceptual tools and industry examples to understand how innovation can be a productive tool for transforming their own creative and cultural industry practice and performance during a period of rapid technological change and unprecedented societal challenge. This makes the book an ideal resource for students and practitioners in all creative and cultural industry sectors"-- 0aCultural Industries; Cultural Industries 0aCultural industries1 aDeFillippi, Bob,1 aSchreiber, David,08iOnline version:aRieple, Alison.tTransformational innovation in the creative and cultural industriesb1.dNew York : Routledge, 2023z9781003207542w(DLC) 2022055483